Public service and disciplinary procedure in Sri Lanka-India (Record no. 501437)

000 -LEADER
fixed length control field 00452cam a22001337a 4500
008 - FIXED-LENGTH DATA ELEMENTS--GENERAL INFORMATION
fixed length control field 180718b1987 xxu||||| |||| 00| 0 eng d
082 ## - DEWEY DECIMAL CLASSIFICATION NUMBER
Classification number APPPA 86-87 PIY
100 ## - MAIN ENTRY--PERSONAL NAME
Personal name Piyatissa, A.G.
245 ## - TITLE STATEMENT
Title Public service and disciplinary procedure in Sri Lanka-India
Statement of responsibility, etc. by A.G. Piyatissa
260 ## - PUBLICATION, DISTRIBUTION, ETC.
Place of publication, distribution, etc. New Delhi
Name of publisher, distributor, etc. Indian Institute of Public Administration
Date of publication, distribution, etc. 1987
300 ## - PHYSICAL DESCRIPTION
Extent 141p.
650 ## - SUBJECT ADDED ENTRY--TOPICAL TERM
Topical term or geographic name entry element Disciplinary procedure-Sri Lanka-India
650 ## - SUBJECT ADDED ENTRY--TOPICAL TERM
Topical term or geographic name entry element Public service
Holdings
Withdrawn status Lost status Damaged status Not for loan Permanent Location Current Location Date acquired Full call number Barcode Date last seen Price effective from Koha item type
        Indian Institute of Public Administration Indian Institute of Public Administration 2018-08-04 APPPA 86-87 PIY GR11979 2018-08-04 2018-08-04 GR

Powered by Koha